पुलिस और महिलाएं : (Record no. 112374)

MARC details
000 -LEADER
fixed length control field 01130nam a22002537a 4500
005 - DATE AND TIME OF LATEST TRANSACTION
control field 20170124102937.0
010 ## - LIBRARY OF CONGRESS CONTROL NUMBER
LC control number A-802849
020 ## - INTERNATIONAL STANDARD BOOK NUMBER
Terms of availability 75.00
International Standard Book Number 8170680581
035 ## - SYSTEM CONTROL NUMBER
System control number A-802849
037 ## - SOURCE OF ACQUISITION
Source of stock number/acquisition Cen Lib/Ret
040 ## - CATALOGING SOURCE
Original cataloging agency DPL
Language of cataloging HN
082 ## - DEWEY DECIMAL CLASSIFICATION NUMBER
Classification number 363.2
Item number कपूर
100 ## - MAIN ENTRY--PERSONAL NAME
Personal name कपूर, सुभाषिणी
9 (RLIN) 47149
245 ## - TITLE STATEMENT
Title पुलिस और महिलाएं :
Statement of responsibility, etc सुभाषिणी कपूर
Remainder of title महिलाओं का पुलिस में योगदान /
246 ## - VARYING FORM OF TITLE
Title proper/short title Police aur mahilayen : mahilayon ka police mei yogdaan /
Remainder of title by Subhashini Kapoor
260 ## - PUBLICATION, DISTRIBUTION, ETC. (IMPRINT)
Place of publication, distribution, etc दिल्ली
Name of publisher, distributor, etc पंकज प्रकाशन
Date of publication, distribution, etc 1996
270 ## - ADDRESS
Address सी-8/158ए, लारेंस रोड
City दिल्ली
Postal code 110035
300 ## - PHYSICAL DESCRIPTION
Extent 144पृ.
Dimensions 17सेमी (असजिल्द)
650 ## - SUBJECT ADDED ENTRY--TOPICAL TERM
Topical term or geographic name as entry element पुलिस प्रशासन
9 (RLIN) 47150
650 ## - SUBJECT ADDED ENTRY--TOPICAL TERM
Topical term or geographic name as entry element महिलाओं की भागीदारी
9 (RLIN) 47151
650 ## - SUBJECT ADDED ENTRY--TOPICAL TERM
Topical term or geographic name as entry element Police Administration
9 (RLIN) 10226
650 ## - SUBJECT ADDED ENTRY--TOPICAL TERM
Topical term or geographic name as entry element Women participation
9 (RLIN) 47152
942 ## - ADDED ENTRY ELEMENTS (KOHA)
Source of classification or shelving scheme Dewey Decimal Classification
Koha item type Hindi Books
Classification part 363.2
Call number suffix कपूर
Holdings
Withdrawn status Lost status Damaged status Not for loan Home library Current library Date acquired Source of acquisition Cost, normal purchase price Total Checkouts Full call number Barcode Date last seen Date checked out Copy number Cost, replacement price Price effective from Koha item type
        Central Library Central Library 08/08/2015 Cen Lib/Ret 75.00 2 363.2 कपूर A-802849 24/05/2022 11/05/2022 1 75.00 08/08/2015 Hindi Books

© Delhi Public Library
Hit Counter
free hit counter